Lehrer GKB - Statistiken

Allgemein
  • Dieses Quiz wurde 3 mal gespielt
  • Das Durchschnittsergebnis liegt bei 19 aus 35
Antwortstatistiken
Hint Antwort % Korrekt
Will Kuchen im Unterricht Ellerbrock
100%
Allora Gerhard
100%
Lädt seine Schüler zum grillen nach Hause ein Mercan
100%
Frau Gerhard 2 Offer
100%
SoWi und Sport Schneider
100%
Rote Haare Stursberg
100%
Hat einen kleinen grunzenden Hund Teuber
100%
Macht Leben in Amerika zur personality Theis
100%
Fährt Fahrrad in Neongelb Wackermann
100%
Rauchen ist meine Lebensenergie Wulf
100%
Das Zuhause einer Biene Bienenstock
67%
Hat nie Schuhe an Bruchmann
67%
Heisst wie ein Beruf Fischer
67%
DuG und Literatur Hugo
67%
Rauchender Erderkunder Kamp
67%
Angriffsschlag Siebers
67%
Ventilator Ventriglia
67%
Creepy Sport und Musik Lehrer Weng
67%
Doktor der Physik Wölk
67%
Dann haben wir Bubatz und Sterbehilfe, nice Bahr
33%
Jude Hardt
33%
Baumarkt Obi
33%
War mit Tijana in Serbien Okka
33%
Fail der Woche Prumbs
33%
Isst ihren Schal Reinwald-Steinmüller
33%
Schlecht in Englisch (als Englisch Lehrer) Schmiedecke
33%
Kommt nie zum Unterricht Wendel
33%
Herr…mein…ist weg Block
0%
Ich habe Jura studiert Dinamitci
0%
Lars der Zauberer Gawlinski
0%
Free ____ Haka
0%
Chips Verteiler Hater Michels
0%
Hört Disney Lieder am Anfang der Stunde Nievenheim
0%
Burnout Qamar
0%
Luca‘s Crush Yildirim
0%
Keine übereinstimmenden Quizze gefunden
Verteilung der Resultate
Anzahl Personen mit jedem Resultat
Perzentil nach korrekt beantworteten Fragen
Ihre Resultats-Entwicklung
Sie haben dieses Quiz noch nicht gespielt